Statistics for Asian Countries by 3 Letter Abbreviations

Click here to take the quiz!

General Stats

  • This quiz has been taken 152 times
    (76 since last reset)
  • The average score is 36 of 48

Answer Stats

AbbreviationCountry% Correct
AFGAfghanistan
93%
CHNChina
84%
KAZKazakhstan
84%
ARMArmenia
82%
BHRBahrain
82%
BTNBhutan
82%
INDIndia
82%
ISRIsrael
82%
PHLPhilippines
82%
AZEAzerbaijan
80%
IRNIran
80%
IRQIraq
80%
JPNJapan
80%
JORJordan
80%
TWNTaiwan
80%
THAThailand
80%
GEOGeorgia
79%
IDNIndonesia
79%
KWTKuwait
79%
NPLNepal
79%
OMNOman
79%
YEMYemen
79%
LAOLaos
77%
LBNLebanon
77%
TJKTajikistan
77%
UZBUzbekistan
77%
BRNBrunei
75%
MMRMyanmar
75%
PAKPakistan
75%
QATQatar
75%
SAUSaudi Arabia
75%
TKMTurkmenistan
75%
BGDBangladesh
73%
CYPCyprus
73%
MNGMongolia
73%
SYRSyria
73%
VNMVietnam
73%
KGZKyrgyzstan
71%
SGPSingapore
71%
TURTurkey
71%
MDVMaldives
70%
MYSMalaysia
68%
SORSouth Korea
64%
KHMCambodia
63%
LKASri Lanka
57%
PRKNorth Korea
55%
TLSEast Timor
41%
AREUnited Arab Emirates
36%

Score Distribution

Percentile by Number Answered

Percent of People with Each Score

Your Score History

You have not taken this quiz since the last reset